Το βάσανο της ιστορίας : ο εθνικισμός στην Ελλάδα και στην Τουρκία
Saved in:
| Main Author: | |
|---|---|
| Other Authors: | , |
| Format: | Book |
| Language: | Greek English |
| Published: |
Αθήνα :
Καστανιώτης,
2008.
|
| Subjects: | |
| Tags: |
Add Tag
No Tags, Be the first to tag this record!
|
MARC
| LEADER | 00000nam a2200000 a 4500 | ||
|---|---|---|---|
| 001 | 1/110747 | ||
| 008 | 160518s2008####gr | ||| |||| ||gre|| | ||
| 020 | |a 9789600347913 | ||
| 040 | |a GR-MyUa |b gre |c GR-MyUa |e AACR2 | ||
| 041 | 1 | |a gre |h eng | |
| 082 | 7 | |a 320.54 |2 (23) | |
| 100 | 1 | |a Ozkirimli, Umut. | |
| 245 | 1 | 3 | |a Το βάσανο της ιστορίας : |b ο εθνικισμός στην Ελλάδα και στην Τουρκία / |c Ουμούτ Οζκιριμλί, Σπύρος Α. Σοφός ; μετάφραση από τα αγγλικά: Γιώργος Σαλταπίδας. |
| 260 | |a Αθήνα : |b Καστανιώτης, |c 2008. | ||
| 300 | |a 331 σ. ; |c 21 εκ. | ||
| 500 | |a Μετάφραση του: Tormented by history. Nationalism in Greece and Turkey. | ||
| 504 | |a Περιλαμβάνει βιβλιογραφικές παραπομπές και ευρετήριο. | ||
| 650 | 0 | |a Nationalism |z Greece. | |
| 650 | 0 | |a Nationalism |z Turkey. | |
| 650 | 0 | |a Nationalities, Principle of | |
| 651 | 0 | |a Greece |x Historiography. | |
| 651 | 0 | |a Turkey |x Historiography. | |
| 700 | 1 | |a Σοφός, Σπύρος Α. | |
| 700 | 1 | |a Σαλταπίδας, Γιώργος, |e trl | |
| 852 | |a INST |b RHODES |c EUDOXUS |e 20160518 |h 320.54 OZK |p 005400038425 |q 005400038425 |t EDX |y 0 | ||
| 920 | |a Εύδοξος |b Παραγγελία |y Ρόδος-ΤΜΣ |z 2016-04 | ||
| 970 | |z 18-05-2016 | ||